Plan de acción tutorial en educación secundaria: elaboración, desarrollo y materiales

Enregistré dans:
Détails bibliographiques
Auteur principal: Blanchard Giménez, Mercedes (Auteur)
Autres auteurs: Muzás Rubio, María Dolores (autora)
Format: Livre
Langue:espagnol
Publié: Madrid Narcea 1999
Collection:Materiales 12-16 para Educación secundaria. Orientación y Tutoría
Sujets:
Tags: Ajouter un tag
Pas de tags, Soyez le premier à ajouter un tag!

MARC

LEADER 00000nam a2200000 a 4500
001 UCI8655
003 CL-VaPUC
008 080911e19990000SP |||||||||||||||||spa|d
020 |a 8427712065 
082 0 4 |a 371.4  |b BLA  |2 21 
100 0 |a Blanchard Giménez, Mercedes  |e author  |9 532212 
700 |a Muzás Rubio, María Dolores  |e autora  |9 597653 
245 1 0 |a Plan de acción tutorial en educación secundaria: elaboración, desarrollo y materiales 
300 |a 3 v 
942 |c BK 
945 |d 20080911 00:00:00  |a jtorresc 
260 |a Madrid  |b Narcea  |c 1999 
500 |a v.1: Planteamientos y claves para su diseño 
500 |a v.2: Materiales de apoyo. Ejemplificación. Seguimiento individual 
500 |a v.3: Materiales de apoyo. Seguimiento grupal. Desarrollo de las juntas de evaluación 
650 7 |a ORIENTACION EDUCACIONAL  |2 CL-VaPUC  |9 312512 
650 0 |a Orientación vocacional  |9 255692 
650 0 |a Reforma educacional   |9 256319 
650 7 |a MATERIAL DE APOYO  |2 CL-VaPUC  |9 532214 
583 |a last modification  |c 20180522 09:30:51  |k Rodrigo Vera 
490 0 |a Materiales 12-16 para Educación secundaria. Orientación y Tutoría 
999 |c 331471  |d 331469 
952 |0 0  |1 0  |4 0  |6 371_400000000000000_BLA_1999  |7 0  |8 A  |9 418153  |a BIBEDU  |b BIBEDU  |d 2019-11-22  |h v.1  |i 4481003  |o 371.4 BLA 1999  |p 4481003  |r 2019-11-22  |w 2019-11-22  |y BK  |k EPE 
952 |0 0  |1 0  |4 0  |6 371_400000000000000_BLA_1999  |7 0  |8 A  |9 418154  |a BIBEDU  |b BIBEDU  |d 2019-11-22  |h v.2  |i 4482743  |o 371.4 BLA 1999  |p 4482743  |r 2019-11-22  |w 2019-11-22  |y BK  |k EPE 
952 |0 0  |1 0  |4 0  |6 371_400000000000000_BLA_1999  |7 0  |8 A  |9 418155  |a BIBEDU  |b BIBEDU  |d 2019-11-22  |h v.3  |i 4482751  |o 371.4 BLA 1999  |p 4482751  |r 2019-11-22  |w 2019-11-22  |y BK  |k EPE